LEADER 01186nam a2200265 u 4500 001 000000014778 003 CaOOAMICUS 005 20070226105813.0 008 940713m19621964xx u000 u ita u 035 $a10347384 040 $aPUL$bita 100 1 $aCortese, Ennio,$d1929-$0(OLS)http://pul/name/13675 245 13$aLa norma giuridica; :$bspunti teorici nel diritto comune classico. 260 $a[S.l.] :$bGiuffrè,$c1962-64. 300 $a2 v. ;$c28 cm 490 1 $aIus nostrum ;$v6 830 0$aIus nostrum ;$v6.$0(OLS)http://pul/title/1296 850 $aPUL 852 $aPUL$W1$xDP1 Fondo Maccarrone$y58$m1500 A 22-23$j20707$nBK-PRI$b $qFondi$B20707$CPULBib$Z2$F20707 $H $81 852 $aPUL$W1$xDP1 Fondo Maccarrone$y58$m1500 A 22-23$j20707$nBK-PRI$b $qFondi$B20708$CPULBib$Z2$F20708 $H $81 941 1 $a1 961 $aINV: 00022-00023 Fondo Mons. M. Maccarrone 961 $aINV: 00022-00023 Fondo Mons. M. Maccarrone 996 $6245$aLa norma giuridica; :$bspunti teorici nel diritto comune classico$9(OLS)http://pul/title/21210 996 $6260$a[S.l.] :$bGiuffrè$9(OLS)http://pul/publisher/54459 LEADER 00908nam a2200205 u 4500 001 000000088292 003 CaOOAMICUS 005 20070226124510.0 008 051027s1958 it u000 u ita u 035 $a11065849 040 $aPUL(R)$bita 245 03$aIl servizio sociale e la comunità politica :$b(Atti del primo convegno nazionale di studio per assistenti sociali) 260 $aRoma :$b5 lune,$c1958. 300 $a234 p. ;$c23 cm 650 4$aAssistentato sociale.$0(OLS)http://pul/subject/18190 850 $aPUL 852 $aPUL$W1$xDP1 Fondo Pastorale$y55$mP5 C 19$j111839$nBK-PRI$b $qFondi$B111839$CPULBib$Z2$F111839 $HPUL1000 $81 941 1 $a1 996 $6245$aIl servizio sociale e la comunità politica :$b(Atti del primo convegno nazionale di studio per assistenti sociali)$9(OLS)http://pul/title/114118 996 $6260$aRoma :$b5 lune$9(OLS)http://pul/publisher/77886